000 00431nam a2200181Ia 4500
001 19964
005 20260306172731.0
008 260306t1994||||xx |||||||||||||| ||spa||
041 _aESP
082 _a342
_bA33
100 _aAkehurst, Michael
_eAUT
245 0 _aIntroducción al derecho internacional
260 _c1994
300 _a313 páginas :
_c23 cm.
650 _aGEN
654 _aCDE
942 _cLIB
_dJUS
_fJUS
_2ddc
_n
999 _c19964
_d19964